[Event "La Fere op"]
[Site "La Fere"]
[Date "2010.07.09"]
[Round "8"]
[White "Deneuville, Ludovic"]
[Black "Navel, Jean Yves"]
[Result "1-0"]
[WhiteElo "1959"]
[BlackElo "1776"]
[PlyCount "95"]
[EventDate "2010.07.03"]
[EventType "swiss"]
[EventRounds "9"]
[EventCountry "FRA"]
[SourceTitle "CBM 137 Extra"]
[Source "ChessBase"]
[SourceDate "2010.09.01"]
[SourceVersion "1"]
[SourceVersionDate "2010.09.01"]
[SourceQuality "1"]

1. e4 c5 2. Nc3 Nc6 3. f4 g6 4. Nf3 Bg7 5. Bc4 e6 6. 0-0 Nge7 7. Qe1 0-0 8. a3 d5 9. Ba2 a6 10. e5 Nf5 11. Ne2 Qb6 12. g4 Nfe7 13. d4 cxd4 14. Qf2 Qa7 15. Nexd4 Nxd4 16. Nxd4 Bd7 17. Be3 Qb8 18. Rae1 Qc7 19. Qh4 Nc6 20. c3 Nxd4 21. Bxd4 h6 22. Bb1 Qd8 23. Qg3 Rc8 24. Rf2 Kh8 25. h4 Rg8 26. h5 Bf8 27. hxg6 fxg6 28. Rh2 Qe8 29. Qh4 Qf7 30. Qf6+ Qxf6 31. exf6 Kh7 32. g5 Rc6 33. f7 Rh8 34. Bxh8 Kxh8 35. Bxg6 Rc8 36. Rxh6+ Kg7 37. Kg2 d4 38. cxd4 Bc6+ 39. Kg3 Bd5 40. Bd3 Kxf7 41. Rh2 Bd6 42. Be4 Rg8 43. Rh7+ Kf8 44. Kf3 Rg7 45. Rxg7 Kxg7 46. Bxd5 exd5 47. Re6 Bf8 48. f5 1-0

[Event "La Fere op 8th"]
[Site "La Fere"]
[Date "2009.07.09"]
[Round "7"]
[White "Deneuville, Ludovic"]
[Black "Houriez, Clement"]
[Result "1/2-1/2"]
[WhiteElo "1984"]
[BlackElo "2314"]
[PlyCount "79"]
[EventDate "2009.07.04"]
[EventType "swiss"]
[EventRounds "9"]
[EventCountry "FRA"]
[SourceTitle "CBM 131 Extra"]
[Source "ChessBase"]
[SourceDate "2009.09.03"]
[SourceVersion "2"]
[SourceVersionDate "2009.09.16"]
[SourceQuality "1"]

1. d4 Nf6 2. c4 e6 3. g3 c5 4. Nf3 cxd4 5. Nxd4 Bb4+ 6. Bd2 Bc5 7. Nb3 Be7 8. Bg2 Nc6 9. 0-0 0-0 10. Qc1 d6 11. Na3 a6 12. Nc2 Bd7 13. Bc3 Qb8 14. Rd1 Rc8 15. Nd2 b5 16. b3 bxc4 17. Nxc4 d5 18. N4e3 Nb4 19. Qd2 Nxc2 20. Nxc2 Qc7 21. Bb4 Bd8 22. Rac1 Qa7 23. e3 a5 24. Bc3 Be8 25. Bd4 Qe7 26. Ne1 a4 27. b4 Bb5 28. a3 Bc4 29. Nd3 Bc7 30. Ne5 Bb3 31. Re1 Ne4 32. Qb2 f6 33. Nf3 e5 34. Bc5 Nxc5 35. Rxc5 Bb6 36. Rxc8+ Rxc8 37. Rc1 Rxc1+ 38. Qxc1 d4 39. exd4 exd4 40. Nd2 1/2-1/2

[Event "Issy les Moulineaux tt"]
[Site "Issy les Moulineaux"]
[Date "2008.11.23"]
[Round "3.3"]
[White "Deneuville, Ludovic"]
[Black "Repage, Astrit"]
[Result "1/2-1/2"]
[WhiteElo "1976"]
[BlackElo "2128"]
[PlyCount "68"]
[EventDate "2008.10.19"]
[EventType "team-tourn"]
[EventRounds "7"]
[EventCountry "FRA"]
[SourceTitle "EXT 2010"]
[Source "ChessBase"]
[SourceDate "2010.11.25"]
[SourceVersion "1"]
[SourceVersionDate "2010.11.25"]
[SourceQuality "1"]
[WhiteTeam "Tours de Haute Picardie  II"]
[BlackTeam "Tour Blanche"]
[WhiteTeamCountry "FRA"]
[BlackTeamCountry "FRA"]

1. d4 Nf6 2. c4 c6 3. Nc3 d5 4. cxd5 Nxd5 5. e4 Nxc3 6. bxc3 g6 7. Bc4 Bg7 8. Ne2 0-0 9. Be3 Nd7 10. Qd2 Nb6 11. Bb3 e5 12. Bh6 exd4 13. Bxg7 Kxg7 14. cxd4 Re8 15. Qf4 Be6 16. 0-0 Bxb3 17. axb3 Qf6 18. Qxf6+ Kxf6 19. f3 a6 20. Rfd1 Rad8 21. Kf2 Nc8 22. Nc3 Na7 23. d5 Nb5 24. Nxb5 cxb5 25. Rdc1 Rc8 26. Ke3 Ke5 27. f4+ Kd6 28. Kd4 Kd7 29. e5 Rxc1 30. Rxc1 b6 31. Rc6 Rb8 32. g4 a5 33. Kc3 Rc8 34. Rxc8 Kxc8 1/2-1/2

[Event "Issy les Moulineaux tt"]
[Site "Issy les Moulineaux"]
[Date "2008.11.22"]
[Round "2.3"]
[White "Nuding, Matthias"]
[Black "Deneuville, Ludovic"]
[Result "1-0"]
[WhiteElo "2133"]
[BlackElo "1976"]
[PlyCount "99"]
[EventDate "2008.10.19"]
[EventType "team-tourn"]
[EventRounds "7"]
[EventCountry "FRA"]
[SourceTitle "EXT 2010"]
[Source "ChessBase"]
[SourceDate "2010.11.25"]
[SourceVersion "1"]
[SourceVersionDate "2010.11.25"]
[SourceQuality "1"]
[WhiteTeam "Canal Saint Martin"]
[BlackTeam "Tours de Haute Picardie  II"]
[WhiteTeamCountry "FRA"]
[BlackTeamCountry "FRA"]

1. c4 d6 2. g3 Nf6 3. Bg2 Nc6 4. Nc3 e5 5. d3 h6 6. a3 Be6 7. Nd5 Be7 8. e3 Qd7 9. Ne2 0-0 10. Nec3 Rab8 11. 0-0 Rfe8 12. b4 Nd8 13. Bb2 c6 14. Nxf6+ Bxf6 15. Ne4 Be7 16. Rc1 Rc8 17. f4 exf4 18. exf4 d5 19. Nf2 dxc4 20. dxc4 Qxd1 21. Rfxd1 f5 22. Re1 Bd6 23. c5 Bc7 24. Nd3 Nf7 25. Re3 Bd7 26. Rce1 Rxe3 27. Rxe3 Re8 28. Kf2 Rxe3 29. Kxe3 Kf8 30. Bf3 g6 31. Bd4 a6 32. Bf6 Ke8 33. Kd4 Bd8 34. Bxd8 Kxd8 35. h4 h5 36. Ne5 Nxe5 37. Kxe5 Ke7 38. a4 Be8 39. b5 a5 40. b6 Bd7 41. Be2 Be6 42. Ba6 Bc8 43. Bc4 Bd7 44. Bg8 Bc8 45. Bh7 Be6 46. Bxg6 Bb3 47. Bxf5 Bxa4 48. Bc8 Bb3 49. Bxb7 a4 50. Kd4 1-0

[Event "Issy les Moulineaux tt"]
[Site "Issy les Moulineaux"]
[Date "2008.10.19"]
[Round "1.4"]
[White "Dhieux, Franky"]
[Black "Deneuville, Ludovic"]
[Result "0-1"]
[WhiteElo "2043"]
[BlackElo "1976"]
[PlyCount "32"]
[EventDate "2008.10.19"]
[EventType "team-tourn"]
[EventRounds "7"]
[EventCountry "FRA"]
[SourceTitle "EXT 2010"]
[Source "ChessBase"]
[SourceDate "2010.11.25"]
[SourceVersion "1"]
[SourceVersionDate "2010.11.25"]
[SourceQuality "1"]
[WhiteTeam "Saint Georges"]
[BlackTeam "Tours de Haute Picardie  II"]
[WhiteTeamCountry "FRA"]
[BlackTeamCountry "FRA"]

1. d4 d6 2. e4 Nf6 3. Nc3 e5 4. dxe5 dxe5 5. Qxd8+ Kxd8 6. Bc4 Ke8 7. Bg5 Bb4 8. 0-0-0 c6 9. Nge2 Ke7 10. a3 Bxc3 11. Nxc3 Be6 12. Bxe6 Kxe6 13. Rd2 Nbd7 14. Rhd1 Nb6 15. b3 Ke7 16. a4 Rhd8 0-1

[Event "La Fere op 5th"]
[Site "La Fere"]
[Date "2006.07.13"]
[Round "8"]
[White "Wolfangel, Claude"]
[Black "Deneuville, Ludovic"]
[Result "0-1"]
[WhiteElo "1843"]
[BlackElo "2009"]
[PlyCount "52"]
[EventDate "2006.07.08"]
[EventType "swiss"]
[EventRounds "9"]
[EventCountry "FRA"]
[SourceTitle "CBM 113 Extra"]
[Source "ChessBase"]
[SourceDate "2006.09.14"]
[SourceVersion "1"]
[SourceVersionDate "2006.09.14"]
[SourceQuality "1"]

1. d4 d5 2. c4 c6 3. cxd5 cxd5 4. Nc3 Nf6 5. Bf4 e6 6. Nf3 Nc6 7. a3 Bd6 8. Bxd6 Qxd6 9. e3 0-0 10. Bd3 Re8 11. 0-0 e5 12. Bb5 e4 13. Ne5 Nxe5 14. dxe5 Rxe5 15. Be2 Rg5 16. f4 exf3 17. Bxf3 Bg4 18. e4 Qb6+ 19. Kh1 Nxe4 20. Nxe4 dxe4 21. Bxg4 Qxb2 22. Rb1 Qxa3 23. Rxb7 Rf8 24. Rfxf7 Rxf7 25. Qd8+ Qf8 26. Qxf8+ Kxf8 0-1

[Event "La Fere op 5th"]
[Site "La Fere"]
[Date "2006.07.12"]
[Round "6"]
[White "Feryn, Benjamin"]
[Black "Deneuville, Ludovic"]
[Result "0-1"]
[WhiteElo "1887"]
[BlackElo "2009"]
[PlyCount "62"]
[EventDate "2006.07.08"]
[EventType "swiss"]
[EventRounds "9"]
[EventCountry "FRA"]
[SourceTitle "CBM 113 Extra"]
[Source "ChessBase"]
[SourceDate "2006.09.14"]
[SourceVersion "1"]
[SourceVersionDate "2006.09.14"]
[SourceQuality "1"]

1. e4 e5 2. Nc3 Nf6 3. Bc4 Nc6 4. d3 d6 5. Nge2 Be6 6. Bb5 a6 7. Ba4 d5 8. Ng3 Bb4 9. Bg5 h6 10. Bd2 0-0 11. 0-0 Bc5 12. Re1 Ng4 13. Rf1 Qh4 14. h3 Nxf2 15. Rxf2 Qxg3 16. Qe2 Bxh3 17. Qf3 Qxf3 18. gxf3 Bxf2+ 19. Kxf2 dxe4 20. Nxe4 Bf5 21. Ng3 Bg6 22. Re1 f6 23. Rg1 Kh7 24. Ne4 b5 25. Bb3 Nd4 26. Bb4 Rfe8 27. Nc5 a5 28. Bc3 a4 29. Bd5 c6 30. Bxd4 cxd5 31. Be3 Rac8 0-1

[Event "FRA-ch U20"]
[Site "Aix les Bains"]
[Date "2006.04.??"]
[Round "2"]
[White "Fischer, Marc"]
[Black "Deneuville, Ludovic"]
[Result "1/2-1/2"]
[WhiteElo "2185"]
[BlackElo "2003"]
[PlyCount "45"]
[EventDate "2006.04.??"]
[EventType "swiss"]
[EventRounds "8"]
[EventCountry "FRA"]
[SourceTitle "EXT 2007"]
[Source "ChessBase"]
[SourceDate "2006.11.23"]
[SourceVersion "1"]
[SourceVersionDate "2006.11.23"]
[SourceQuality "1"]

1. d4 Nf6 2. Bg5 Ne4 3. Bf4 d5 4. Nd2 Bf5 5. e3 e6 6. Ngf3 Bd6 7. Bxd6 Qxd6 8. c3 0-0 9. Be2 Nd7 10. 0-0 c5 11. Nh4 c4 12. Nxf5 exf5 13. Qc2 Ndf6 14. f3 Nxd2 15. Qxd2 Qe6 16. Rae1 Rfe8 17. Bd1 b5 18. Bc2 Re7 19. Rf2 Qd7 20. Qc1 g6 21. Qd2 Qd6 22. a3 Re6 23. Bd1 1/2-1/2